00856nam a2200169Ia 4500001001000000003000500010008004100015010001100056040000900067100003700076245019800113260003500311300001000346502010400356650017300460710005300633Para_2996CHAP220125s1987 xx 000 0 und d a201382 cCHAP aBarrios Alvarado, Lidia Porfiria aEvaluación de germoplasma en maíz y sorgo al ataque del virus del mosaico y enanismo del maíz en condiciones de invernadero, en Chapingo, México /c por Lidia Porfirio Barrios Alvarado aChapingo, Méx. :b El autor a40 h. aTesis (Ing. Agr. Esp. en Parasitología Agrícola) -- UACh. Departamento de Economía Agrícola aVirus del mosaico del maíz Achaparramiento del maíz Maíz x Enfermedades por virus Sorgo x Enfermedades por virus Sorgo x Germoplasma Maíz x Germoplasma aUACh. Departamento de Parasitologìa Agrícola